Estatísticas para Cultura Geral

Clique aqui para jogar o quiz

Estatísticas Gerais

  • Esse quiz foi jogado 14 vezes
  • A pontuação média é 7 de 15

Estatísticas das Respostas

HintResposta% Correto
A mascote de qual empresa é um homem feito de pneus?Michelin
100%
Qual é a segunda maior cidade de Portugal?Porto
92%
Em que hemisfério fica a Austrália?Sul
92%
Em que cidade podemos encontrar o Museu Nacional da Austrália?Camberra
77%
Que homem de 39 anos se tornou, em 2017, a pessoa mais jovem a ser eleita presidente da França?Emmanuel Macron
77%
Em que cidade alemã fica a sede da BMW?Munique
69%
Que país dominou o comércio de especiarias das Índias Orientais nos séculos XVII e XVIII?Países Baixos
46%
Quem é o ex-marido da Miley Cyrus?Liam Hemsworth
31%
O que significa a sigla RGB?Red Green Blue
31%
Que trilogia de livros apresenta um personagem chamado Christian Grey?Fifty Shades of Grey
23%
Como Robin of Locksley é mais conhecido?Robin Hood
23%
Qual planta é comumente usada para acalmar uma queimadura?Aloe Vera
15%
Em que cidade da Geórgia fica a sede da Coca-Cola?Atlanta
15%
Melbourne é a capital de qual estado australiano?Vitória
15%
Que museu interativo permanente que exibe a história da The Coca-Cola Company e abrange várias áreas de entretenimento e outras atrações?World of Coca-Cola
0%

Distribuição das Pontuações

Percentil de Números Respondidos

Porcentagem de Pessoas com Cada Pontuação

Sua Pontuação Histórica

Você não jogou esse quiz